American Women Quiz Stats

 Plays Quiz Updated Nov 30, 2018

Challenge
Share
Tweet
Embed
Score 0/300 Timer 20:00
3 Plays Today
Estimated total Name % Correct
2,498,847Mary
88.8%
345,854Ann
85.6%
1,316,364Elizabeth
82.2%
1,914,143Jennifer
79%
405,878Sara
78.5%
1,058,139Sarah
76.9%
151,277Jo
75.6%
243,221Anne
74.1%
257,015Jane
72.2%
471,186Catherine
72%
1,276,877Jessica
71.3%
558,966Katherine
70.9%
500,819Anna
70.3%
763,348Laura
68.5%
1,060,658Susan
68.4%
822,998Emily
68.1%
624,032Rachel
66.9%
544,557Maria
66.3%
1,092,264Lisa
65.9%
710,857Carol
63.5%
922,989Michelle
62.9%
527,753Julie
62.4%
828,958Amy
62.2%
685,581Margaret
61.4%
162,922Beth
60.9%
362,599Joan
60.8%
386,388Emma
60.8%
547,162Christina
60.7%
582,128Christine
60.4%
803,428Rebecca
60.4%
898,542Amanda
60%
553,923Lauren
59.9%
1,369,157Patricia
59.9%
331,367Julia
59.6%
1,351,808Linda
58.8%
390,164Hannah
58.6%
232,454Katie
58.1%
257,080Marie
57.1%
1,103,013Ashley
56.9%
1,139,997Barbara
56.8%
606,431Samantha
56.4%
902,550Stephanie
54.7%
840,838Melissa
54.4%
440,276Victoria
54.3%
939,307Karen
53.9%
551,402Megan
53.9%
532,179Kelly
53.6%
161,033Kim
53.3%
724,553Nicole
53.2%
240,725Rose
53.2%
475,633Diane
51.6%
321,332Olivia
51.4%
832,322Nancy
51.1%
99,229Angel
50.9%
365,282Helen
50.5%
319,790Allison
50.1%
594,329Betty
49.9%
183,193Caroline
49.7%
474,274Janet
49.3%
669,980Deborah
49.1%
365,743Diana
49%
284,320Kathy
48.7%
933,397Kimberly
48.2%
190,987Ellen
47.3%
139,805Joann
47.3%
849,660Sandra
46.7%
738,305Heather
46.6%
753,179Donna
46.6%
280,298Jean
46.5%
100,660Alexa
46.1%
497,087Danielle
46.1%
276,474Grace
46%
258,619Alice
46%
306,260Abigail
45.5%
451,608Brittany
45.4%
766,315Angela
44.9%
97,851Jenny
44.9%
143,115Cathy
44.8%
473,440Andrea
44.3%
151,107Annie
44.2%
375,642Erin
43.6%
343,281Ruth
43.5%
243,473Alexandra
43.3%
682,197Sharon
42.6%
332,620Theresa
42.6%
335,699Natalie
41.7%
314,493Tina
41.7%
319,513Madison
41.7%
157,116Molly
41.3%
332,392Martha
41.1%
222,188Jill
40.9%
207,923Charlotte
40.8%
282,117Paula
40.7%
183,156Joanne
40.6%
218,027Kristin
40.5%
228,813Isabella
40.2%
279,277Frances
40.1%
592,144Pamela
40.1%
348,628Judy
40.1%
308,631Courtney
40%
Estimated total Name % Correct
651,003Kathleen
39.9%
282,204Monica
39.9%
397,989Teresa
39.8%
171,876Lynn
39.7%
495,993Carolyn
39.7%
464,139Debra
39.5%
278,404Wendy
39.4%
297,846Kristen
39.2%
592,269Brenda
39.1%
393,068Kathryn
38.9%
462,675Jacqueline
38.6%
142,718Debbie
38.6%
125,441Louise
38.5%
448,808Amber
38.4%
223,959Cindy
38.2%
95,634Lily
38.2%
134,624Claire
38.2%
213,610Carrie
37.9%
279,840Erica
37.8%
359,781Alexis
37.6%
162,990Sally
37.6%
218,143Suzanne
37.4%
213,673Sophia
37.2%
368,688Lori
37.1%
334,381Janice
37%
473,867Dorothy
36.8%
662,994Cynthia
36.8%
320,870Taylor
36.4%
126,394Alison
36.3%
127,718Eva
35.9%
151,249Ella
35.7%
259,435Melanie
35.7%
247,684Holly
35.6%
122,556Joanna
35.4%
111,673Sue
35.4%
189,036Jenna
35.4%
102,206June
35.3%
230,801Veronica
35.2%
131,062Joy
35.1%
379,181Denise
35%
439,515Tiffany
34.8%
206,696Leah
34.6%
153,089Chloe
34.6%
272,041Alicia
34.6%
308,637Alyssa
34.5%
414,406Cheryl
34.5%
398,006Judith
34.5%
273,214Jamie
34.5%
285,856Vanessa
34.1%
269,771Evelyn
33.5%
353,815Shannon
33.1%
123,166Meghan
33.1%
112,573Bethany
33.1%
148,398Ava
33.1%
292,673Tracy
32.8%
207,161Lindsey
32.4%
295,189April
32.2%
158,490Carla
32.1%
167,728Lindsay
32%
203,021Stacy
31.7%
164,661Laurie
31.7%
101,441Ana
31.6%
169,114Gina
31.5%
352,446Kayla
31.5%
115,725Rosa
31.4%
247,863Brianna
31.1%
237,617Dana
31.1%
374,667Tammy
30.9%
195,611Elaine
30.8%
218,864Morgan
30.8%
264,329Valerie
30.6%
414,223Crystal
30.6%
125,431Caitlin
30.5%
179,667Chelsea
30.4%
127,717Jordan
30.3%
282,018Leslie
30.3%
109,286Eleanor
30.2%
101,984Amelia
30.2%
124,144Josephine
30.1%
191,589Audrey
30%
131,309Madeline
30%
114,648Faith
29.9%
355,782Virginia
29.7%
269,985Bonnie
29.5%
226,629Tara
29.2%
325,741Gloria
29%
294,765Marilyn
28.9%
150,889Irene
28.9%
259,362Jasmine
28.9%
329,750Dawn
28.5%
113,881Esther
28.1%
199,964Cassandra
27.9%
317,550Robin
27.8%
211,579Wanda
27.8%
397,076Joyce
27.7%
139,528Eileen
27.5%
484,131Shirley
27.2%
130,947Gabrielle
27.2%
243,976Connie
27.1%
235,885Sherry
27%
Estimated total Name % Correct
160,240Kaitlyn
27%
98,374Clara
26.9%
149,569Melinda
26.8%
230,077Doris
26.7%
237,151Michele
26.7%
187,506Brooke
26.6%
96,864Penny
26.6%
134,554Maureen
26.4%
194,421Rita
26.4%
97,897Brittney
26.4%
159,798Kristina
26.1%
177,663Stacey
26%
180,538Lillian
26%
209,019Rhonda
25.8%
124,188Miranda
25.7%
154,177Haley
25.7%
131,015Marissa
25.6%
229,464Peggy
25.6%
171,165Gail
25.6%
98,326Nina
25.6%
132,602Katelyn
25.6%
174,034Lois
25.5%
134,080Mia
25.4%
166,511Colleen
25.2%
96,324Edith
25.1%
229,726Sheila
25.1%
163,723Kelsey
25%
122,887Christy
24.9%
148,946Tanya
24.8%
131,976Hailey
24.7%
142,875Erika
24.7%
123,557Kara
24.7%
96,705Alexandria
24.4%
197,925Renee
24.2%
164,802Ruby
24.1%
102,245Bridget
24.1%
144,198Terri
24.1%
124,227Roberta
24%
116,030Marcia
23.9%
296,736Beverly
23.8%
119,360Vivian
23.6%
104,475Naomi
23.5%
115,500Jeanne
23.4%
118,209Natasha
23.2%
134,784Vicki
23%
116,730Lydia
23%
167,522Heidi
22.9%
131,091Paige
22.7%
103,174Marsha
22.3%
158,192Tamara
22.2%
176,543Darlene
22.2%
144,361Annette
22.1%
174,212Anita
22%
102,741Whitney
21.9%
123,071Charlene
21.3%
128,563Yvonne
21.3%
152,910Tonya
21.2%
123,591Jeanette
21%
209,916Phyllis
20.9%
99,741Carole
20.9%
95,537Angelica
20.8%
109,690Rosemary
20.8%
101,224Kendra
20.4%
97,471Jodi
20.4%
115,197Katrina
20.4%
135,360Savannah
20.3%
167,656Sylvia
20.1%
100,190Toni
20.1%
126,158Carmen
19.9%
105,308Autumn
19.7%
130,882Brandy
19.6%
103,779Mackenzie
19.4%
174,987Norma
19.3%
160,060Sydney
19.3%
139,943Destiny
19.2%
133,176Mildred
19.2%
126,224Claudia
19.1%
161,205Regina
19.1%
109,516Marlene
18.9%
124,243Marjorie
18.7%
108,645Constance
18.7%
147,503Deanna
18.6%
125,317Sabrina
18.5%
118,106Dolores
18.4%
109,153Yolanda
18.4%
131,067Shelby
18.3%
131,886Lorraine
18.2%
108,506Kaylee
18%
100,121Arlene
17.9%
95,536Krystal
17.8%
97,270Felicia
17.7%
130,790Juanita
17.4%
121,500Geraldine
17.2%
98,937Glenda
17.1%
109,410Priscilla
16.3%
114,558Loretta
15.9%
132,639Brandi
15.9%
95,634Sierra
15.8%
106,459Misty
15.4%
103,045Shelly
14.8%

You're not logged in!

Compare scores with friends on all Sporcle quizzes.
OR
Log In

You Might Also Like...

Show Comments

Extras

Top Quizzes Today


Score Distribution

Your Account Isn't Verified!

In order to create a playlist on Sporcle, you need to verify the email address you used during registration. Go to your Sporcle Settings to finish the process.

Report this User

Report this user for behavior that violates our Community Guidelines.

Details: